000 00715nam a2200241 i 4500
001 187624
003 ES-MaACL
005 20250810225314.0
008 171211s2016 sp |||| | spa d
020 _a978-84-946008-5-2
080 _a821.134.2-14"20"
100 1 _aMondéjar, Mikey.
_9163909
245 1 0 _aVeinte días a la medianoche
_b: edición bilingüe /
_cMikey Mondéjar.
250 _a1ª ed.
260 _aMadrid :
_bHuerga y Fierro,
_c2016.
300 _a109 p. ;
_c22 cm.
490 1 _aPoesía
650 7 _aPoesía
_2embne
_916149
830 0 _aPoesía
_9177794
852 _aES-MaACL
_jA-14063
_9194710
_bR.151413
_cDEPO1
_dOlim: N-7063
942 _2udc
_cMONOGRAFIA
999 _c187624
_d187624